Kŭndae Chosŏn kyŏngjesa yŏnʼgu : (Record no. 35349)
[ view plain ]
| 000 -LEADER | |
|---|---|
| fixed length control field | 01002cam a2200277 a 4500 |
| 001 - CONTROL NUMBER | |
| control field | k 64000477 |
| 003 - CONTROL NUMBER IDENTIFIER | |
| control field | DLC |
| 005 - DATE AND TIME OF LATEST TRANSACTION | |
| control field | 20260227111524.0 |
| 008 - FIXED-LENGTH DATA ELEMENTS--GENERAL INFORMATION | |
| fixed length control field | 000710s1947 ko 000 0 kor c |
| 010 ## - LIBRARY OF CONGRESS CONTROL NUMBER | |
| LC control number | k 64000477 |
| 035 ## - SYSTEM CONTROL NUMBER | |
| System control number | (CStRLIN)DCLP00-B8819 |
| 040 ## - CATALOGING SOURCE | |
| Original cataloging agency | Harvard Univ. Chinese-Japanese Library |
| Transcribing agency | MH-HY |
| Modifying agency | DLC-R |
| -- | DLC |
| 043 ## - GEOGRAPHIC AREA CODE | |
| Geographic area code | a-kr--- |
| 050 00 - LIBRARY OF CONGRESS CALL NUMBER | |
| Classification number | HC467 |
| Item number | .C42 1947 |
| 066 ## - CHARACTER SETS PRESENT | |
| Alternate G0 or G1 character set | $1 |
| 100 1# - MAIN ENTRY--PERSONAL NAME | |
| Linkage | 880-01 |
| Personal name | Chʻoe, Ho-jin, |
| Dates associated with a name | 1914- |
| 245 10 - TITLE STATEMENT | |
| Linkage | 880-02 |
| Title | Kŭndae Chosŏn kyŏngjesa yŏnʼgu : |
| Name of part/section of a work | che 1-kwŏn / |
| Statement of responsibility, etc. | Chʻoe Ho-jin chŏ. |
| 246 30 - VARYING FORM OF TITLE | |
| Linkage | 880-03 |
| Title proper/short title | Chosŏn kyŏngjesa yŏnʼgu |
| 260 ## - PUBLICATION, DISTRIBUTION, ETC. | |
| Linkage | 880-04 |
| Place of publication, distribution, etc. | Sŏul : |
| Name of publisher, distributor, etc. | Minjung Sŏgwan, |
| Date of publication, distribution, etc. | 1947. |
| 300 ## - PHYSICAL DESCRIPTION | |
| Extent | 200 p. ; |
| Dimensions | 21 cm. |
| 651 #0 - SUBJECT ADDED ENTRY--GEOGRAPHIC NAME | |
| Geographic name | Korea |
| General subdivision | Economic conditions |
| Chronological subdivision | 1864-1910. |
| 880 1# - ALTERNATE GRAPHIC REPRESENTATION | |
| Linkage | 100-01/$1 |
| a | 崔 虎鎮, |
| d | 1914- |
| 880 10 - ALTERNATE GRAPHIC REPRESENTATION | |
| Linkage | 245-02/$1 |
| a | 近代 朝鮮 經濟史 研究 : |
| p | 第 1卷 / |
| c | 崔 虎鎮 著. |
| 880 30 - ALTERNATE GRAPHIC REPRESENTATION | |
| Linkage | 246-03/$1 |
| a | 朝鮮 經濟史 研究 |
| 880 ## - ALTERNATE GRAPHIC REPRESENTATION | |
| Linkage | 260-04/$1 |
| a | 서울 : |
| b | 民衆 書舘, |
| c | 1947. |
No items available.